Twelfth annual report 1960-61. (Record no. 480568)

MARC details
000 -LEADER
fixed length control field 00724nam a2200229Ia 4500
003 - CONTROL NUMBER IDENTIFIER
control field OSt
005 - DATE AND TIME OF LATEST TRANSACTION
control field 20220925170614.0
008 - FIXED-LENGTH DATA ELEMENTS--GENERAL INFORMATION
fixed length control field 220923b |||||||| |||| 00| 0 eng d
037 ## - SOURCE OF ACQUISITION
Terms of availability General Book
040 ## - CATALOGING SOURCE
Original cataloging agency RTL
Transcribing agency RTL
Language of cataloging eng
041 ## - LANGUAGE CODE
Source of code eng
Language code of text/sound track or separate title eng
110 ## - MAIN ENTRY--CORPORATE NAME
Corporate name or jurisdiction name as entry element Baroda, Maharaja sayajirao university.
9 (RLIN) 237454
245 #0 - TITLE STATEMENT
Title Twelfth annual report 1960-61.
260 ## - PUBLICATION, DISTRIBUTION, ETC.
Place of publication, distribution, etc. Baroda
Name of publisher, distributor, etc. Maharaja sayajirao University of Baroda
Date of publication, distribution, etc. 1961
300 ## - PHYSICAL DESCRIPTION
Extent 259p.
Dimensions cm.
700 ## - ADDED ENTRY--PERSONAL NAME
Personal name Baroda, Maharaja sayajirao university.
9 (RLIN) 237455
942 ## - ADDED ENTRY ELEMENTS (KOHA)
Classification part T4.236,e4,d.N61 - N60r, K1/GD
Koha item type General Books
Source of classification or shelving scheme Colon Classification (CC)
Holdings
Withdrawn status Lost status Damaged status Not for loan Home library Current library Date acquired Total Checkouts Full call number Barcode Date last seen Price effective from Koha item type
        Ratan Tata Library Ratan Tata Library 2022-09-25   T4.236,e4,d.N61 - N60r K1/GD RT1412786 2022-09-25 2022-09-25 General Books
Copyright @ Delhi University Library System